[Event "World Junior U20 Open 2018"]
[Site "Gebze"]
[Date "2018.09.13"]
[Round "9.1"]
[White "Maghsoodloo, Parham"]
[Black "Liang, Awonder"]
[Result "1-0"]
[WhiteElo "2649"]
[BlackElo "2575"]
[Annotator "TA"]
[PlyCount "105"]
[EventDate "2018.09.05"]
[EventType "swiss"]
[EventCountry "TUR"]
[SourceTitle "playchess.com"]
[Source "ChessBase"]
[SourceQuality "1"]

{[%evp 21,105,20,28,28,37,33,41,35,46,43,39,49,27,12,92,93,98,84,77,93,161,150,169,168,167,156,180,125,202,163,159,168,183,179,191,174,168,174,306,303,285,282,278,284,285,270,285,309,297,295,364,389,372,388,409,392,403,285,341,283,283,289,273,283,274,282,294,294,274,264,251,241,363,333,383,372,419,0,315,278,412,423,592,524,676,638]} 1. Nf3 c5 2. g3 Nc6 3. Bg2 e5 4. d3 g6 5. O-O Bg7 6. c3 Nge7 7. a3 O-O 8. b4 d6 9. e4 b6 10. Bb2 {A04: Unusual lines after 1 Nf3 and King's Indian Attack} (10. Nbd2 h6 11. Re1 Be6 12. Bb2 Qd7 13. Nc4 Rad8 14. b5 Nb8 15. a4 Qc7 16. a5 Nd7 17. axb6 axb6 18. Qa4 {1-0 (65) Petrosian,T (2601)-Vachier Lagrave,M (2789) Riadh 2017}) 10... Bb7 11. Nbd2 Qd7 {LiveBook: 3 Games} 12. Qb3 {White has an edge.} h6 13. Rfe1 Kh7 14. d4 $146 ({Predecessor:} 14. Nc4 f5 15. b5 Nd8 16. a4 f4 17. a5 Qc7 18. axb6 axb6 19. Rxa8 Bxa8 {0-1 (34) Hofegger,J (2072)-Vitouch,A (2320) Austria 2016}) 14... cxd4 15. cxd4 Nxd4 16. Nxd4 exd4 17. Nf3 Ng8 (17... d5 $11 18. Bxd4 dxe4 19. Bxg7 Kxg7) 18. Nxd4 $16 Nf6 19. Rad1 Rfe8 {[%cal Rb7e4]} 20. f3 Rac8 (20... Nh5 $16 {keeps fighting.}) 21. Bf1 $1 $18 a6 22. b5 $1 {[%cal Rb5a6]} Ra8 23. bxa6 Bxa6 24. Nb5 ({White should play} 24. Bxa6 $18 Rxa6 25. Nb5) 24... Re6 (24... Bxb5 $16 25. Bxb5 Qe6) 25. a4 {[%cal Ba3a4,Ba4b5][%mdl 32]} Bxb5 26. axb5 Qc7 27. Rc1 Qa7 28. Ra1 Qb7 29. Ra6 d5 (29... Re7 $142 30. Rd1 Ne8) 30. Rea1 Rf8 31. Bh3 Ree8 {[#]} 32. e5 $1 {[%cal Re5f6]} Nd7 33. Ra7 Nc5 34. Qc2 ({Weaker is} 34. Rxb7 Nxb3 35. Raa7 Nc5 $16) 34... Qb8 35. f4 Ne6 36. Bxe6 Rxe6 37. Qd3 Kg8 38. Qxd5 Rd8 39. Qf3 Bf8 40. Ra8 Qc7 41. Rxd8 Qxd8 42. Ra8 Qd7 43. Ba3 Re8 44. Rxe8 Qxe8 {[#]} 45. Qc6 $1 {[%cal Rc6e8]} Qd8 46. Bd6 Kg7 (46... g5 {was worth a try.} 47. Bxf8 Qd1+ 48. Kf2 Qd2+ 49. Kf3 Qd1+ 50. Ke4 Qb1+ 51. Ke3 Qe1+ 52. Kd3 Qd1+ 53. Ke4 Qb1+ 54. Kf3 Qd1+ 55. Ke4) 47. Kg2 h5 48. Kh3 Kg8 49. Kg2 Kg7 $1 50. Kf3 Kg8 (50... Kh7 $142 51. Ke4 Kg8) 51. Ke4 Kg7 52. Kd5 Kg8 53. Qb7 {Precision: White = 85%, Black = 38%.} 1-0

[Event "World Junior U20 Open 2018"]
[Site "Gebze"]
[Date "2018.09.13"]
[Round "9.2"]
[White "Firouzja, Alireza"]
[Black "Puranik, Abhimanyu"]
[Result "0-1"]
[WhiteElo "2582"]
[BlackElo "2524"]
[Annotator "TA"]
[PlyCount "132"]
[EventDate "2018.09.05"]
[EventType "swiss"]
[EventCountry "TUR"]
[SourceTitle "playchess.com"]
[Source "ChessBase"]
[SourceQuality "1"]

{[%evp 21,132,69,84,64,55,47,47,41,46,40,7,12,16,16,5,5,42,0,0,0,0,0,0,-8,-13,-13,-11,-10,-22,-58,-58,-60,-54,-60,-43,-74,-73,-63,-54,-112,-111,-89,-45,-49,0,-37,-20,-43,-37,-41,-25,-70,-50,-55,-43,-43,-9,-14,-14,-32,-34,-34,0,-31,-31,-27,-17,-109,-110,-110,-112,-116,-125,-122,-125,-204,-204,-205,-203,-209,-188,-203,-203,-198,-170,-190,-189,-204,-214,-192,-184,-826,-270,-1489,-1278,-12830,-12831,-12831,-12831,-12842,-12832,-12833,-12833,-12828,-12832,-12832,-12832,-8210,-10026,-2487,-2203,-12834,-844]} 1. Nf3 Nf6 2. c4 g6 3. Nc3 c5 4. d4 cxd4 5. Nxd4 Bg7 6. e4 d6 7. Be2 O-O 8. Be3 Nc6 9. O-O Bd7 10. Nc2 a5 11. f3 {B38: Sicilian: Maroczy Bind with 5...Bg7 and 7...0-0} Be6 {LiveBook: 5 Games} (11... a4 12. Na3 Qa5 13. Qd2 Rfc8 14. Rfc1 Be6 15. f4 Nd7 16. g4 Nc5 17. f5 Bd7 18. Nab5 Ne5 {1-0 (58) Navara,D (2734)-Guseinov,G (2634) Berlin 2015}) 12. Kh1 $146 ({Predecessor:} 12. f4 a4 13. f5 Bc8 14. Na3 Nd7 15. Qd2 Nc5 16. Bh6 Ne5 17. Nab5 Bxh6 18. Qxh6 f6 {½-½ (47) Bodnaruk,A (2402)-Shuvalova,P (2149) Moscow 2015}) 12... a4 13. Qd2 {White is slightly better.} Qa5 14. Rab1 Rfc8 15. f4 Nb4 16. Nxb4 Qxb4 17. b3 axb3 18. axb3 Ra3 (18... b5 $5) 19. Qc2 b5 $1 {[%cal Rb5c4]} 20. Bc1 Raa8 {[%cal Rb5c4]} 21. f5 Bd7 $1 22. Bd2 {[#] Threatens to win with Nd5.} Qc5 23. Bg5 Bc6 24. Bd3 Ng4 {Hoping for ...bxc4.} 25. Nd5 Bxd5 $1 26. exd5 bxc4 $1 27. bxc4 Rc7 28. fxg6 hxg6 29. Rbe1 Ne5 30. h3 (30. Be2 $15) 30... Qd4 $17 31. Be2 Rb8 {[%cal Re5c4]} 32. Rb1 Ra8 {[%cal Re5c4]} 33. Rbd1 Qa7 34. Qe4 Qa2 35. Rd2 Qa3 36. Rb1 Rac8 37. Rc2 Qa4 (37... Bf6 $5 {[%cal Rf6g5]} 38. Be3 Qa4 $11) 38. Rbc1 Rb8 39. Qh4 Qd7 40. Rf1 Rb4 41. Ra2 Rb8 42. Qe4 Ra7 $36 {[%mdl 2048] Black has good play.} 43. Rc2 Rb3 44. Rcc1 (44. Qh4 $11) 44... Ra2 45. Rb1 Qb7 ({Much worse is} 45... f5 $6 46. Qh4 $11) 46. Rxb3 Qxb3 47. Re1 {[#]} Bf6 $1 {[%cal Rf6g5]} 48. Bxf6 (48. Be3 $17) 48... exf6 $19 49. Bf1 Kg7 50. Qf4 Qb6 51. Rd1 Rf2 52. Qg3 f5 {[%cal Bf6f5,Bf5f4][%mdl 32]} 53. Qc3 Qc5 54. Re1 f4 55. Be2 Kh7 56. Bf3 $2 (56. h4) 56... Ra2 $2 (56... Nxf3 57. gxf3 Qa7) 57. Rxe5 $2 (57. Rf1) 57... dxe5 {Black is clearly winning.} 58. Qxe5 {[%mdl 4096] Endgame KQR-KQB} Qf2 59. Qf6 Kg8 60. d6 Rc2 {( -> ...Rc1+)} 61. Qa1 Qe3 62. d7 Rc1+ 63. Qxc1 Qxc1+ 64. Kh2 Qd2 65. Bd5 Qa5 66. c5 f3 {Precision: White = 38%, Black = 75%.} 0-1

[Event "World Junior U20 Open 2018"]
[Site "Gebze"]
[Date "2018.09.13"]
[Round "9.3"]
[White "Hakobyan, Aram"]
[Black "Petrosyan, Manuel"]
[Result "1-0"]
[WhiteElo "2554"]
[BlackElo "2581"]
[Annotator "TA"]
[PlyCount "83"]
[EventDate "2018.09.05"]
[EventType "swiss"]
[EventCountry "TUR"]
[SourceTitle "playchess.com"]
[Source "ChessBase"]
[SourceQuality "1"]

{[%evp 14,83,8,8,12,16,1,6,45,37,49,46,58,51,62,49,56,44,54,54,54,54,55,56,66,66,66,68,70,59,104,80,103,138,126,106,99,91,109,113,122,107,100,-6,260,251,237,251,262,232,238,0,241,0,237,232,232,256,251,254,243,248,709,681,765,760,752,747,747,742,5106,711]} 1. e4 e5 2. Nf3 Nc6 3. d4 exd4 4. Nxd4 Bc5 5. Nb3 Bb6 6. Nc3 Nf6 7. Qe2 {C45: Scotch Game} a5 (7... O-O 8. Bg5 h6 9. Bh4 Nd4 10. Qd3 Nxb3 11. cxb3 g5 12. Bg3 d5 13. O-O-O c6 14. exd5 Nxd5 {½-½ (36) Le,Q (2728)-Fedoseev,V (2707) Danzhou 2018}) 8. a4 {LiveBook: 15 Games} d6 9. Be3 {The position is equal.} Bxe3 10. Qxe3 O-O 11. O-O-O Re8 12. f3 Nd7 $146 ({Predecessor:} 12... Qe7 13. g4 Be6 {1-0 (47) Ducarmon,Q (2473)-Vrolijk,L (2418) Netherlands 2017}) 13. g4 Nb6 14. Nd4 Nxd4 15. Qxd4 Bd7 16. h4 Qe7 17. b3 Rad8 18. Kb2 Bc6 19. Bb5 Bxb5 20. axb5 Ra8 21. Ra1 Rec8 22. h5 c5 23. bxc6 Rxc6 {Black wants to play ...Rac8.} 24. h6 $40 {[%csl Gh6][%cal Rd4g7][%mdl 128] White wants a kill.} Qe5 25. Nb5 {And now f4! would win.} gxh6 26. Rh5 Qf4 27. Rah1 Rac8 28. R1h2 (28. c3 $1 $16) 28... Nc4+ $2 {[%mdl 8192]} (28... a4 $1 $11 29. Rxh6 axb3 30. Rxh7 Nc4+ 31. Kxb3 Nd2+ 32. Qxd2 Qxd2 33. Rh8+ Kg7 34. Rxd2 Rxh8) 29. bxc4 $18 Rxc4 30. Qd2 ({Avoid the trap} 30. Qxd6 $2 Rb4+ 31. Qxb4 axb4 $19) 30... Rb4+ 31. Ka2 Ra4+ 32. Kb2 Rb4+ 33. Ka2 Ra4+ $1 34. Kb3 Rb4+ {[#]} 35. Ka3 $1 Qxf3+ 36. c3 Rb1 37. Ka2 ({Wrong is} 37. Nxd6 $2 Rxc3+ 38. Ka2 Rd1 $19) 37... Qf1 $2 {[#]} (37... Qd1 38. Qxd1 Rxd1 39. Rxh6 Rd3 40. Rxh7 Rc5) 38. Rh1 $1 {[%cal Rh1f1] White is clearly winning.} Qxh1 39. Rxh1 Rxh1 40. Nxd6 Rd8 41. Qf4 Rd7 42. Qe5 {Precision: White = 76%, Black = 46%.} (42. Nf5 $142 f6 43. e5 fxe5 44. Qc4+ Rf7 45. Qc8+ Rf8 46. Qxb7 Rh2+ 47. Kb3 a4+ 48. Kxa4 Rxf5 49. gxf5 Ra2+ 50. Kb3) 1-0

[Event "World Junior U20 Open 2018"]
[Site "Gebze"]
[Date "2018.09.13"]
[Round "9.4"]
[White "Christiansen, Johan-Sebastian"]
[Black "Tabatabaei, M amin"]
[Result "1-0"]
[WhiteElo "2525"]
[BlackElo "2576"]
[Annotator "TA"]
[PlyCount "191"]
[EventDate "2018.09.05"]
[EventType "swiss"]
[EventCountry "TUR"]
[SourceTitle "playchess.com"]
[Source "ChessBase"]
[SourceQuality "1"]

{[%evp 28,191,-25,0,60,48,128,125,130,122,125,102,126,102,95,104,75,100,105,64,148,155,171,176,166,156,163,144,140,140,375,382,368,372,461,398,383,410,386,394,494,489,694,612,773,704,686,668,608,274,269,271,254,254,407,273,365,270,266,273,384,280,280,280,273,273,266,266,266,266,266,266,266,266,297,241,250,209,335,308,294,266,381,371,358,278,329,0,349,337,310,220,299,297,447,447,443,439,1031,961,1608,1608,1590,1601,1583,1570,1518,1439,1490,1290,1466,1370,1260,1235,1160,989,775,767,29959,29949,29960,29955,29956,29952,29956,29958,29958,29959,29958,29959,29962,29964,29965,29965,29967,29967,29967,29968,29969,29971,29970,29970,29970,29971,29970,29971,29971,29972,29972,29973,29978,29980,29980,29979,29978,29979,29980,29979,29980,29976,29990,29991,29992,29990,29996,5056]} 1. e4 c6 2. d4 d5 3. Nd2 dxe4 4. Nxe4 Bf5 5. Ng3 Bg6 6. h4 h6 7. Nf3 Nd7 8. h5 Bh7 9. Bd3 Bxd3 10. Qxd3 e6 11. Bf4 Qa5+ {B19: Classical Caro-Kann: 4...Bf5 main line} 12. Bd2 Bb4 13. Ne4 (13. c3 Be7 14. c4 Qc7 15. d5 cxd5 16. cxd5 Qd6 17. Qb5 Ngf6 18. dxe6 Qxe6+ 19. Kf1 {1-0 (64) Kokarev,D (2622)-Rozum,I (2586) Khanty-Mansiysk 2017}) 13... Ngf6 14. Nd6+ Ke7 15. Nxb7 {LiveBook: 28 Games} Qb6 (15... Bxd2+ $11 16. Nxd2 Qb4) 16. c3 $1 $14 Bxc3 (16... Qxb7 $14 17. cxb4 Qb5) 17. Qxc3 $16 Qxb7 18. Qa3+ Ke8 19. O-O $146 ({Predecessor:} 19. Rc1) 19... Nxh5 20. Rac1 Nhf6 21. Rc2 {[%mdl 1024] White has strong compensation.} Nd5 22. Rfc1 Rc8 23. Be1 Nb8 ({Black should play} 23... g5 $14) 24. Ne5 Qe7 25. Qf3 g5 26. b4 Qf6 27. Qd3 Qf5 28. Qa3 $1 {aiming for b5.} f6 $2 (28... Kf8 $16 {keeps fighting.} 29. b5+ (29. Qxa7 Rc7 $16) 29... Kg7) 29. Nc4 $18 {[%cal Be5c4,Bc4a5,Ba5c6][%mdl 32]} Rd8 {[#]} 30. b5 $1 Qf4 31. bxc6 Nxc6 32. Bd2 Qb8 33. Rb2 Qc7 34. Na5 Nde7 (34... Qd6 $142 35. Qa4 Nb6) 35. Qa4 Rd6 36. Bb4 {Threatens to win with Nxc6.} Rxd4 37. Nxc6 Kf7 38. Qxa7 (38. Re2 $142 Rxb4 39. Qxb4 Nxc6 40. Qe4) 38... Qxa7 39. Nxa7 Nd5 40. Nc6 Rd3 $2 (40... Re4 {was necessary.} 41. f3 Rf4) 41. Be1 h5 42. Nb4 Nxb4 43. Bxb4 h4 (43... Ra8 $142 44. Rc7+ Kg6) 44. Rd2 Rxd2 45. Bxd2 {[%mdl 4096] Endgame KRB-KR} Ra8 46. Ra1 Ra4 47. a3 e5 48. Bb4 Ke6 49. Rd1 Ra6 50. Kf1 e4 51. Ke2 f5 52. Rd8 {Black must now prevent Rg8.} f4 (52... Rc6 {is a better defense.} 53. Re8+ Kd5) 53. Rg8 Kf6 54. Rc8 Ke6 (54... Ra7 $142 55. Rc6+ Ke5 56. Rc5+ Kf6) 55. Rc5 Kf6 56. Rc7 Ke6 57. Rc5 Kf6 $1 58. Rd5 Ra8 59. Bc5 g4 60. Rh5 f3+ {[#]} (60... Rc8 $142 61. Bd4+ Kg6 62. Rxh4 Rc4) 61. gxf3 $1 exf3+ 62. Ke3 g3 (62... h3 $142 63. Kf4 Rg8) 63. fxg3 hxg3 64. Kxf3 Rg8 65. Kg2 Ke6 66. Bb4 Kd7 67. Rc5 Rg6 68. Be1 Ra6 69. Rc3 Rc6 70. Rb3 Ra6 71. Kxg3 Kc6 72. Kf3 Rb6 73. Bb4 {White mates.} Kb5 74. Be7+ Ka6 75. Rd3 Re6 76. Bd6 Kb5 77. Rd4 Kc6 78. Bf4 Kb5 79. Be3 Rc6 80. a4+ Ka5 81. Bd2+ Ka6 82. Ke2 Re6+ 83. Kd3 Rc6 84. Bc3 Kb6 85. Kc2 Ka6 86. Kb3 Rb6+ 87. Bb4 Rh6 88. a5 Rh3+ 89. Ka4 Rh6 90. Rd7 Rc6 91. Rd8 Kb7 92. Rd5 Rc8 93. Kb5 Re8 94. Rd7+ Ka8 95. Ka6 Rc8 96. Ra7+ {Precision: White = 82%, Black = 45%.} 1-0

[Event "World Junior U20 Open 2018"]
[Site "Gebze"]
[Date "2018.09.13"]
[Round "9.5"]
[White "Vavulin, Maksim"]
[Black "Karthik Venkataraman"]
[Result "1-0"]
[WhiteElo "2559"]
[BlackElo "2519"]
[Annotator "TA"]
[PlyCount "69"]
[EventDate "2018.09.05"]
[EventType "swiss"]
[EventCountry "TUR"]
[SourceTitle "playchess.com"]
[Source "ChessBase"]
[SourceQuality "1"]

{[%evp 29,69,18,18,22,25,25,20,5,27,2,10,11,80,86,83,81,166,65,68,68,53,52,94,39,47,27,41,39,40,43,43,23,68,73,75,66,76,71,85,77,629,600]} 1. e4 c6 2. c4 d5 3. exd5 cxd5 4. d4 Nf6 5. Nc3 Nc6 6. Nf3 Bg4 7. cxd5 Nxd5 8. Qb3 Bxf3 9. gxf3 e6 10. Qxb7 Nxd4 11. Bb5+ Nxb5 12. Qc6+ Ke7 13. Qc5+ {B13: Caro-Kann: Exchange Variation and Panov-Botvinnik Attack} (13. Qxb5 Nxc3 14. bxc3 Qd7 15. Rb1 Rd8 16. Be3 Qxb5 17. Rxb5 Rd7 18. Ke2 g6 19. Bc5+ Kf6 20. Bd4+ Rxd4 21. cxd4 Bh6 22. Rhb1 Rd8 {1-0 (38) Ivanchuk,V (2738)-Vachier Lagrave,M (2796) Leuven 2017}) 13... Qd6 14. Nxd5+ exd5 15. Qxb5 Rb8 {LiveBook: 3 Games} 16. Qd3 f6 $146 ({Predecessor:} 16... Kd7 17. Be3 Rxb2 18. Rd1 Qe6 19. O-O Bd6 20. Qxd5 Qxd5 21. Rxd5 {1-0 (59) Vykouk,J (2430)-Cernousek,L (2464) Ceske Budejovice 2017}) 17. O-O Kf7 18. Rd1 Rd8 19. Be3 Rd7 $1 20. Rac1 Qe6 (20... Be7 $1 $11 {keeps the balance.}) 21. Rc8 $16 Qh3 22. Bf4 Qe6 (22... g5 $16 23. Rc7 Be7 24. Rxd7 Qxd7) 23. Rc7 (23. Rdc1 $18) 23... Rxc7 $14 24. Bxc7 Be7 25. Qxd5 Rc8 26. Ba5 ({White should try} 26. Qb7 $16) 26... Qxd5 27. Rxd5 {[%mdl 4096] Endgame KRB-KRB} Ke6 28. Rd2 Bd6 29. Bc3 Rc4 30. Rd4 Rc6 31. Rh4 h6 32. Ra4 a6 33. h3 Bc5 34. Kf1 Kf5 $2 {[%mdl 8192] [#]} (34... Bd6 $16) 35. Rc4 {Precision: White = 53%, Black = 38%.} 1-0

[Event "World Junior U20 Open 2018"]
[Site "Gebze"]
[Date "2018.09.13"]
[Round "9.6"]
[White "Bai, Jinshi"]
[Black "Sindarov, Javokhir"]
[Result "1-0"]
[WhiteElo "2556"]
[BlackElo "2484"]
[Annotator "TA"]
[PlyCount "107"]
[EventDate "2018.09.05"]
[EventType "swiss"]
[EventCountry "TUR"]
[SourceTitle "playchess.com"]
[Source "ChessBase"]
[SourceQuality "1"]

{[%evp 18,107,45,26,39,23,23,26,34,23,19,19,10,7,48,41,45,56,54,50,64,64,64,64,64,64,64,64,64,64,110,108,116,108,136,136,119,108,130,115,118,115,134,119,97,112,94,0,133,105,168,168,256,256,216,0,0,0,216,216,216,216,281,278,347,347,544,370,782,761,1310,1127,1037,850,1446,1464,4710,3766,1802,1634,29975,29976,29976,29977,29977,29978,29982,29983,29983,29984,29984,29985]} 1. Nf3 Nf6 2. g3 g6 3. Bg2 Bg7 4. O-O O-O 5. d4 d6 6. b3 c5 7. c4 cxd4 {E60: King's Indian: Unusual lines and Fianchetto Variation without Nc3} 8. Nxd4 d5 9. cxd5 Nxd5 10. Bb2 {LiveBook: 25 Games} Qa5 11. Qd2 Qxd2 12. Nxd2 Rd8 13. Rfd1 $146 ({Predecessor:} 13. Nc4 Na6 14. Rfd1 Nac7 15. Rac1 Rb8 16. Na5 Ne6 17. Nxe6 Bxe6 18. Bxg7 Kxg7 19. Bf3 Rd7 20. Rd4 {½-½ (20) Fridman,D (2659)-Mamedyarov,S (2765) Khanty-Mansiysk 2011}) 13... Bxd4 14. Bxd4 Nc6 15. Bb2 Bg4 16. Nf3 Ndb4 17. a3 $36 {[%mdl 2048] White is more active.} Nc2 18. Rac1 {[#] Hoping for Rxd8+.} Bxf3 19. Rxd8+ ({Much worse is} 19. exf3 N2d4 $11) 19... Rxd8 20. Bxf3 N2d4 21. Bxd4 $1 Nxd4 22. Rc7 Nxf3+ 23. exf3 $14 {[%cal Be2f3,Bf3f4][%mdl 4128] Endgame KR-KR} Rd3 24. Rxb7 a5 25. f4 a4 26. bxa4 Rxa3 27. Ra7 Kg7 28. Kg2 h5 29. a5 Kf6 30. a6 Ke6 31. Ra8 Kf5 32. Ra7 (32. a7 $16) 32... Kf6 (32... Ke6 $11) 33. h3 {[%cal Bh2h3,Bh3h4][%mdl 32]} e6 (33... Ke6 $16 34. Ra8 Kf5) 34. h4 $18 Kg7 (34... e5 $142) 35. Kf1 Ra2 36. Kg1 $2 {[#]} ({White should try} 36. f3 $18) 36... Ra1+ $1 $11 37. Kg2 $2 (37. Kh2 $11) 37... Ra3 $1 $18 38. f3 Ra2+ 39. Kf1 Ra3 40. Ke2 Ra2+ 41. Kd3 Ra3+ (41... Kf6 {keeps fighting.} 42. Kc4 Ra5) 42. Kc4 Rxf3 $2 (42... Ra5 43. Kb4 Ra2) 43. Rb7 Ra3 44. a7 Kf6 45. Kb5 Kf5 46. Kb4 Ra6 47. Rb5+ Kg4 48. Ra5 Rxa7 49. Rxa7 {White mates.} Kxg3 50. Rxf7 Kxh4 {KR-K3P} 51. Kc3 Kg3 52. Kd4 h4 53. Ke5 h3 54. Rg7 {Precision: White = 78%, Black = 36%.} 1-0

[Event "World Junior U20 Open 2018"]
[Site "Gebze"]
[Date "2018.09.13"]
[Round "9.7"]
[White "Karthikeyan, Murali"]
[Black "Gavrilescu, David"]
[Result "0-1"]
[WhiteElo "2605"]
[BlackElo "2470"]
[Annotator "TA"]
[PlyCount "102"]
[EventDate "2018.09.05"]
[EventType "swiss"]
[EventCountry "TUR"]
[SourceTitle "playchess.com"]
[Source "ChessBase"]
[SourceQuality "1"]

{[%evp 17,102,12,29,33,30,0,0,0,0,0,0,0,0,0,0,0,0,0,0,-46,-46,-46,-46,-46,-46,-46,-46,-46,-46,-91,-83,-193,-196,-190,-131,-131,-135,-97,-97,-98,-96,-86,-54,-73,-51,-64,-65,-60,-60,-68,-68,-69,-69,-69,-69,-157,-68,-29951,-12506,-5949,-5069,-29973,-29974,-29976,-29977,-29977,-29978,-29975,-29976,-29979,-29980,-29982,-29982,-29983,-29984,-29984,-29984,-29984,-81,-29987,-29985,-29985,-29986,-29986,-29987,-29987,-41]} 1. e4 e6 2. d4 d5 3. Nd2 c5 4. Ngf3 cxd4 5. Nxd4 Nf6 6. exd5 Nxd5 7. N2f3 {C07: Französische Verteidigung (Tarrasch-Variante)} Bb4+ 8. Bd2 O-O 9. Bc4 e5 {LiveBook: 5 Partien} 10. Nxe5 {Und 0-0 würde nun gewinnen.} Re8 11. O-O Rxe5 12. Nf3 $1 {[%cal Rf3e5]} Bd6 {Droht stark ...Th5.} (12... Re4 $2 13. Bg5 $18) 13. Nxe5 Bxe5 14. Bf4 $146 ({Vorgänger:} 14. Bxd5 Qxd5 {0-1 (49) Kashtanov,R (2346)-Ganguly,S (2660) Tallinn 2016}) 14... Bxf4 15. Bxd5 Nd7 $40 {[%mdl 128] Schwarz greift an.} 16. Qf3 Qf6 17. g3 Be5 18. Rfe1 (18. Bxb7 {seems wilder.} Qxf3 19. Bxf3 Rb8 20. Rad1 Bxb2 21. Bc6) 18... Qxf3 (18... Bxb2 $6 19. Re8+ Nf8 20. Rae1 $16) 19. Bxf3 Kf8 ({Doch nicht} 19... Bxb2 $6 20. Re8+ Nf8 21. Rae1 $14) 20. Rad1 {Lg4 ist eine echte Drohung.} Bf6 ({Ein No Go ist} 20... Bxb2 $6 21. Bg4 $14) 21. Bxb7 Bxb7 22. Rxd7 Bc8 23. Rd3 Bf5 {[%mdl 1024] Schwarz hat starke Kompensation.} 24. Rf3 (24. Rd5 $17 Bxc2 25. b3) 24... Bxc2 $19 25. b4 a5 ({Günstiger ist} 25... Rc8 $19 26. a3 Bc3) 26. Rc1 $17 Ba4 27. bxa5 Rxa5 28. Rc8+ Ke7 29. Rc7+ Kd6 30. Rxf7 Bc6 31. R3xf6+ gxf6 32. Rxf6+ $15 {[%mdl 4096] Endspiel KTL-KT} Kc5 33. g4 Rxa2 {[%cal Ra2a1]} 34. h3 Ra3 35. Kh2 Be4 36. f4 (36. Rf8 $15) 36... Kd4 (36... Rf3 $17 {Und weiter mit ...Kd4 wäre nett.} 37. f5 Kd4) 37. Rf7 $2 {[%mdl 8192]} (37. Rd6+ $15 Bd5 38. Rd7) 37... Rf3 38. f5 Ke5 39. Rxh7 {[#]} Kf4 $1 40. g5 Rf2+ ({Weniger gut wäre} 40... Kxg5 41. Re7 $15) 41. Kg1 Rg2+ 42. Kf1 Rxg5 43. Re7 Ke3 44. Re6 Rg3 45. Rg6 Rxh3 46. Rg8 Rh1+ 47. Rg1 Rh2 $2 (47... Rh7 {setzt Matt} 48. Rg6 Rc7 49. Kg1 Rc1+ 50. Kh2 Kf2 51. Kh3 Bxf5+ 52. Kh4 Bxg6 53. Kg5 Rc6 54. Kh6 Kf3 55. Kg7 Kf4 56. Kg8 Kg5 57. Kg7 Rc7+ 58. Kh8 Kh6 59. Kg8 Rc8#) 48. Rg4 $2 {[%mdl 8192]} (48. Rg3+ $17 Bf3 49. Rg7 Rc2 50. Re7+ Be4 51. Kg1 Rc1+ 52. Kh2 Kf4 53. Rxe4+ Kxe4 54. Kg2 Kxf5 55. Kf3 Rc3+ 56. Ke2 Ke4 57. Kf2 Re3 58. Kg2 Kf4 59. Kf2 Re6 60. Kg2 Re2+ 61. Kf1 Kf3 62. Kg1 Re1+ 63. Kh2 Rc1 64. Kh3 Rh1#) 48... Bf3 {Schwarz setzt Matt.} 49. Rg8 Ra2 {[%cal Ra2a1]} 50. Re8+ {[#]} Be4 $1 {[%cal Ra2a1]} 51. Kg1 Ra1+ {Precision: Weiß = 38%, Schwarz = 63%.} 0-1

[Event "World Junior U20 Open 2018"]
[Site "Gebze"]
[Date "2018.09.13"]
[Round "9.8"]
[White "Esipenko, Andrey"]
[Black "Barseghyan, Harutyun"]
[Result "1-0"]
[WhiteElo "2593"]
[BlackElo "2466"]
[Annotator "TA"]
[PlyCount "81"]
[EventDate "2018.09.05"]
[EventType "swiss"]
[EventCountry "TUR"]
[SourceTitle "playchess.com"]
[Source "ChessBase"]
[SourceQuality "1"]

{[%evp 13,81,34,41,29,34,22,48,43,36,34,57,54,37,50,43,39,49,40,46,51,53,16,177,181,167,139,212,226,223,226,222,222,216,212,217,203,388,315,352,245,346,337,365,353,352,340,339,320,308,310,522,423,543,529,510,520,751,741,859,858,807,784,1903,1647,29942,3904,29984,29977,29972,11564]} 1. d4 d5 2. c4 dxc4 3. Nf3 Nf6 4. e3 e6 5. Bxc4 a6 6. O-O Nbd7 {D26: Queen's Gambit Accepted: 4 e3 e6 5 Bxc5 c5 sidelines} 7. a4 c5 {LiveBook: 47 Games} 8. Re1 $146 ({Predecessor:} 8. Nc3 Qc7 9. Qe2 Bd6 10. Bd2 O-O 11. dxc5 Bxc5 12. Bd3 b6 13. Rac1 a5 14. Ng5 Bb7 15. Nge4 Qe5 16. f4 Qh5 17. Qxh5 Nxh5 {½-½ (49) Abdusattorov,N (2516)-Zvjaginsev,V (2629) Moscow 2018}) 8... Qc7 {White has an edge.} 9. Qe2 Bd6 10. e4 cxd4 11. e5 $1 {[%cal Re5d6]} Nxe5 12. Nxe5 Bxe5 13. Qxe5 Qxc4 14. Bg5 Bd7 15. Nd2 Qb4 16. Nf3 d3 17. Rad1 h6 $2 (17... Bc6 $11 {and Black is okay.}) 18. Bxf6 $18 gxf6 19. Qxf6 Rg8 (19... Rh7 $16 {keeps fighting.}) 20. Rxd3 Qe7 21. Qxh6 Bc6 22. g3 $40 {[%mdl 128] White attacks with force.} Rd8 23. Rxd8+ Qxd8 24. Ne5 Bd5 $2 (24... Qa5 {is a better defense.} 25. Qc1 Qxa4) 25. Qh5 {[%csl Ge5][%cal Rh5f7] [#]} Rf8 26. Nd3 Qd6 (26... Bb3 $142) 27. Nf4 Kd7 28. Nxd5 exd5 {[%mdl 4096] Endgame KQR-KQR} 29. Rd1 Kc6 30. Qg4 {[#] aiming for Rc1+.} Kc7 31. Qg7 Kc6 $2 (31... Rd8 32. h4 Rd7) 32. h4 a5 33. Qc3+ Qc5 {Black hopes to continue with ...Qxc3.} 34. Qd2 {Black must now prevent Rc1.} Kd6 35. Qh6+ Ke7 36. Qg5+ Ke6 37. h5 f6 38. Qg7 {Intending Re1+ and mate.} d4 39. h6 (39. Re1+ $142 Kd5 40. Qd7+ Qd6 41. Qf5+ Kc6 42. Re6 d3 43. Qb5+ Kc7 44. Qxa5+ b6 45. Qa7+ Kc6 46. Rxd6+ Kxd6 47. Qxb6+ Kd5 48. Qb3+ Ke5 49. Qxd3) 39... Kd5 40. Qxb7+ Kd6 41. Qe4 {Precision: White = 88%, Black = 27%.} 1-0